| 000 | 00663nam a22002293a 4500 | ||
|---|---|---|---|
| 005 | 20250311063801.0 | ||
| 008 | 011002s1999 mx fr 000 0 spa d | ||
| 020 | _a9701831403 | ||
| 035 | _aUPN01000112434 | ||
| 049 | _aCG | ||
| 050 | 4 |
_aTK5105.875 I5.7 _bM3.6 |
|
| 100 | 1 | _aMalvido Arriaga, Adriana Neneka | |
| 245 | 1 | 0 |
_aPor la vereda digital / _cAdriana Malvido. |
| 260 |
_aMéxico : _bCNCA, _c1999 |
||
| 300 |
_a411 p. : _bil. |
||
| 440 | 0 | _aMultimedia | |
| 500 | _aA la cabeza de la portada : teoría y práctica del arte. | ||
| 650 | 4 |
_aInternet _9547 |
|
| 650 | 2 |
_aRealidad virtual _920465 |
|
| 650 | 2 |
_aSistemas multimedia _918211 |
|
| 905 | _aLibro | ||
| 999 |
_c86342 _d86342 |
||